Logo BPK

Bibliografia Prac Pracowników

Politechniki Koszalińskiej

Województwo środkowopomorskie. Konflikt polityki z oczekiwaniami społecznymi / (Rekord nr 1563)

Szczegóły MARC
000 -ETYKIETA REKORDU
podpole kontrolne o stałej długości 01325naa a2200217 i 4500
001 - NUMER KONTROLNY REKORDU
podpole kontrolne 1563
003 - IDENTYFIKATOR NUMERU KONTROLNEGO REKORDU
podpole kontrolne KOSZ 005
005 - DATA OSTATNIEJ MODYFIKACJI REKORDU
podpole kontrolne 20180418113934.0
008 - POLE O STAŁEJ DŁUGOŚCI - DANE KONTROLNE
podpole kontrolne o stałej długości 150624s2001 pl f |100 0 pol
040 ## - ŹRÓDŁO KATALOGOWANIA
Instytucja, która utworzyła rekord BPK
Instytucja, która dokonała modyfikacji KOSZ 005/EG
080 ## - UNIWERSALNA KLASYFIKACJA DZIESIĘTNA - UKD
UKD 352/353.071
100 1# - NAZWA OSOBOWA
Nazwa osobowa POLAK, Bogusław.
Lata pracy 2000 - 2003.
Instytucja Politechnika Koszalińska - Wydział Ekonomii i Zarządzania,
Wydział Katedra Nauk Humanistycznych i Stosunków Międzynarodowych
245 10 - TYTUŁ/ODPOWIEDZIALNOŚĆ
Tytuł Województwo środkowopomorskie. Konflikt polityki z oczekiwaniami społecznymi /
Pozostałe elementy strefy tytułu i oznaczenia odpowiedzialności Bogusław Polak.
500 ## - UWAGI OGÓLNE
Tekst uwagi Dane z autopsji.
520 ## - UWAGA DOTYCZĄCA TREŚCI DOKUMENTU
Analiza dokumentacyjna, adnotacja itp. Od wprowadzenia reformy administracyjnej dokonało się zasadnicze przewartościowanie dążeń o utworzenie województwa środkowopomorskiego: z rąk polityków inicjatywa przenosi się coraz bardziej na obszar oddolnych inicjatyw społecznych.
650 #0 - HASŁO PRZEDMIOTOWE W FORMIE NAZWY OGÓLNEJ LUB JEDNOSTKOWEJ
Nazwa ogólna lub geograficzna Polityka.
655 #0 - TERMIN INDEKSOWY - OKREŚLENIE RODZAJU/FORMY DOKUMENTU
Określnie rodzaju/formy dokumentu Materiały konferencyjne.
711 22 - HASŁO DODATKOWE - NAZWA IMPREZY
Nazwa imprezy Konferencja Naukowa nt. Integracja i rozwój Pomorza Środkowego
Data imprezy (2001 ;
Miejsce imprezy Koszalin, Polska).
773 0# - TYTUŁ DOKUMENTU MACIERZYSTEGO
Wyrażenie wprowadzające W :
Tytuł Integracja i rozwój Pomorza Środkowego : materiały na konferencję naukową, Koszalin 19 luty 2001 / [red. Andrzej Suszyński, Stanisław Bartoszewski, Leszek Brożek]. -
Adres wydawniczy Koszalin : Polskie Towarzystwo Ekonomiczne. Oddział : Wydaw. WEiZ PK, 2001. -
Informacje dotyczące relacji s. 15-26
942 ## - HASŁO DODATKOWE - ELEMENTY(KOHA)
Typ dokumentu Rozdział
Schemat klasyfikacji Uniwersalna klasyfikacja dziesiętna
Egzemplarze
Wycofany Zagubiony Uszkodzony Dostępność Lokalizacja stała Lokalizacja bieżąca Sygnatura Typ dokumentu
      Dostępny Bibliografia Prac Pracowników - BPK Bibliografia Prac Pracowników - BPK 91932 Rozdział
© 2014 Biblioteka Politechniki Koszalińskiej :: BIBLIOGRAFIA PRAC PRACOWNIKÓW